000
00246nam a2200109Ia 4500
008
200302s9999 xx 000 0 und d
100
_a
Paul Hirshorn & Other
245
_a
White Towers
260
_b
The Mit Press
260
_c
1979
300
_a
189 P.,
999
_c
441
_d
441